| 000 | 00805nam a22002297a 4500 | ||
|---|---|---|---|
| 005 | 20220510140643.0 | ||
| 008 | 220510b ||||| |||| 00| 0 eng d | ||
| 040 | _cAloy | ||
| 041 | _aeng | ||
| 082 |
_223 _a294.548 _bRATF |
||
| 100 |
_aVijay Ratnasundersurishwarji _935679 |
||
| 245 | _aFight to finish | ||
| 260 |
_aMumbai: _bRatnatrayee Trust, _c? |
||
| 300 |
_a100p. _bHB _c22x14cm. |
||
| 365 | _2Religion | ||
| 520 | _aIn the on going struggle with temptations and adversities in the battle of life, how can the noble tenets of Lord achieve victory? ""Fight to finish" a book presenting unique and attractive tips. | ||
| 650 |
_aHinduism _935598 |
||
| 650 |
_aTeachings _935599 |
||
| 700 |
_aRATNASUNDERSURISHWARJI (Vijay) _935600 |
||
| 700 |
_aKOTHARI (Shashi) Tr _935601 |
||
| 942 |
_2ddc _cGF |
||
| 999 |
_c222864 _d222864 |
||